00763nam a2200253 a 450000100060000000300080000600500170001400800410003102000150007203500190008704000270010604100080013308200240014110000220016524500810018725000130026826000460028130000340032750400390036165000270040065000360042765000160046370000300047970515BD-RjUL20211209082017.0170418s1979 caua b 001 0 eng  a0895170183 a(BD-RjUL)70729 aDLCcDLCdBD-RjULbeng aeng00a519.5223bMCS 19791 aMcClave, James T.10aStatistics for business and economics /cJames T. McClave, P. George Benson. aRev. ed. aSan Francisco :bDellen Pub. Co.,cc1979. axv, 667 p. :bill. ;c24 cm. aIncludes bibliographies and index. 0aCommercial statistics. 0aEconomicsxStatistical methods. 0aStatistics.1 aBenson, P. George,d1946-